000 01037nam a2200313Ia 4500
001 dia_1767
003 CHAP
005 20251021153158.0
008 220117s1974 xx 000 0 und d
010 _a172305
040 _cCHAP
082 _a631.2 C37 1974
100 _aCastro Sánchez, Gilberto
_920434
245 _aConstrucciones rurales : especificaciones, costo y cálculo estructural /
_c Gilberto Castro Sánchez
260 _aMéxico :
_b Patronato de la Escuela Nacional de Agricultura,
_c1974
300 _a323 p.
500 _aEl ej. 2 es material fotocopiado
504 _aBibliografía: p. 322-323
590 _aTH4911 C37 1974
650 _aAgricultural structures and facilities
_9151529
650 _aAnimal husbandry
_9144276
650 _aEstructuras e instalaciones agrarias
_9143224
650 _aGanadería
_944604
650 _aSilos
_9105965
901 _a631.2 C37 1974
902 _aM
905 _a5232271974 mx amn 8223223322spa16
942 _cLIBRO
_2ddc
999 _c172305
_d172305